Top 100 Kanye West Songs - Statistics

General Stats
  • This quiz has been taken 89 times
  • The average score is 45 of 100
Answer Stats
Hint Answer % Correct
3 - MBDTF Runaway
95%
1 - Ye Ghost Town
88%
8 - 808's & Heartbreak Heartless
88%
6 - Ye Violent Crimes
83%
4 - College Dropout All Falls Down
80%
11 - Graduation Flashing Lights
80%
5 - MBDTF Devil In A New Dress
78%
21 - Graduation Stronger
75%
17 - Yeezus Bound 2
73%
9 - MBDTF All Of The Lights
71%
7 - Graduation I Wonder
71%
15 - MBDTF POWER
71%
2 - The Life Of Pablo Saint Pablo
71%
66 - Graduation Good Morning
69%
26 - The Life Of Pablo No More Parties In LA
69%
13 - Graduation Homecoming
68%
19 - College Dropout Through The Wire
66%
12 - College Dropout Jesus Walks
64%
24 - MBDTF Dark Fantasy
63%
42 - MBDTF Monster
63%
44 - Graduation Champion
59%
48 - Late Registration Gold Digger
59%
27 - Graduation Can't Tell Me Nothing
58%
74 - College Dropout Spaceship
58%
31 - Graduation Good Life
56%
85 - Yeezus On Sight
54%
23 - Late Registration Touch The Sky
54%
54 - The Life Of Pablo Ultralight Beam
54%
39 - The Life Of Pablo Waves
54%
63 - College Dropout We Don't Care
54%
29 - Yeezus Black Skinhead
53%
10 - Donda Life Of The Party
53%
52 - VULTURES 1 BURN
51%
87 - Watch The Throne No Church In The Wild
51%
55 - Ye All Mine
49%
20 - Late Registration Diamonds From Sierra Leone
49%
18 - College Dropout Family Business
49%
61 - The Life Of Pablo Famous
49%
84 - The Life Of Pablo Wolves
49%
37 - Yeezus Blood On The Leaves
47%
72 - Watch The Throne Otis
47%
25 - College Dropout Slow Jamz
47%
14 - College Dropout Two Words
47%
83 - Graduation Good Night
46%
82 - MBDTF Hell Of A Life
46%
68 - Donda Hurricane
46%
32 - MBDTF Lost In The World
46%
38 - 808's & Heartbreak Street Lights
46%
36 - Late Registration We Major
46%
69 - Graduation Big Brother
44%
34 - Graduation Everything I Am
44%
56 - 808's & Heartbreak Paranoid
44%
71 - JESUS IS KING God Is
42%
53 - Late Registration Hey Mama
42%
88 - College Dropout Last Call
42%
30 - Donda Moon
42%
43 - KIDS SEE GHOSTS Reborn
42%
51 - KIDS SEE GHOSTS 4th Dimension
41%
49 - Donda Jail
41%
60 - College Dropout Never Let Me Down
41%
93 - 808's & Heartbreak Robocop
41%
28 - Late Registration Roses
41%
90 - MBDTF So Appalled
41%
40 - Donda Come To Life
39%
35 - JESUS IS KING Follow God
39%
79 - 808's & Heartbreak Amazing
37%
33 - Late Registration Heard 'Em Say
37%
22 - Ye No Mistakes
37%
81 - Donda Off The Grid
37%
47 - Donda Praise God
37%
58 - Graduation The Glory
37%
67 - Ye Yikes
36%
50 - 808's & Heartbreak Love Lockdown
34%
64 - Single Cold
32%
96 - 808's & Heartbreak Coldest Winter
32%
65 - 808's & Heartbreak Welcome To Heartbreak
32%
45 - Ye Wouldn't Leave
32%
59 - Late Registration Drive Slow
31%
99 - Yeezus Hold My Liquor
31%
91 - The Life Of Pablo Real Friends
29%
89 - Late Registration Crack Music
25%
16 - The Life Of Pablo Father Stretch My Hands Part 1
25%
80 - The Life Of Pablo Feedback
25%
75 - 808's & Heartbreak Say You Will
25%
97 - KIDS SEE GHOSTS Cudi Montage
24%
95 - College Dropout Get Em High
24%
94 - Donda 24
22%
62 - Donda Believe What I Say
22%
70 - Late Registration Bring Me Down
22%
57 - Donda Jail Pt 2
22%
73 - Donda Jesus Lord
22%
78 - Late Registration Gone
20%
41 - Watch The Throne Why I Love You
20%
98 - Single Mercy
19%
76 - Donda Keep My Spirit Alive
15%
100 - Donda Lord I Need You
15%
46 - Watch The Throne Ni**a's In Paris
15%
92 - Donda No Child Left Behind
15%
86 - Donda Jesus Lord Part 2
2%
77 - Donda Keep My Spirit Alive part 2
0%
No matching quizzes found
Score Distribution
Percent of People with Each Score
Percentile by Number Answered
Your Score History
You have not taken this quiz